Score 0/15 Timer 03:00
1 Play Today
% Correct
Sex and the City
91.5%
The Big Bang Theory
91%
Malcolm in the Middle
90.5%
Buffy, the Vampire Slayer
87.8%
Sabrina, the Teenage Witch
87.4%
King of the Hill
85.4%
My Name is Earl
84.2%
Dr. Quinn, Medicine Woman
83.7%
% Correct
Saved by the Bell
83.6%
All in the Family
83.2%
Leave it to Beaver
81.9%
The Dukes of Hazzard
81.4%
The Facts of Life
78.2%
The King of Queens
73.7%
The Greatest American Hero
70.5%
Remove Ads.
Support Sporcle.
Get the best of Sporcle when you Go Orange. This ad-free experience offers more features, more stats, and more fun while also helping to support Sporcle. Thank you for becoming a member.

You're not logged in!

Compare scores with friends on all Sporcle quizzes.
OR
Log In

Sporcle TV

Today on Sporcle TV


Watch our educational content, quiz creation guides, and fun videos on Sporcle TV.

Show Comments

Extras

Top Quizzes Today


Score Distribution

Paid Content

Your Account Isn't Verified!

In order to create a playlist on Sporcle, you need to verify the email address you used during registration. Go to your Sporcle Settings to finish the process.

Report this User

Report this user for behavior that violates our Community Guidelines.

Details: